[Event "51st POL-ch"]
[Site "Gdansk POL"]
[Date "1994.03.??"]
[Round "5"]
[White "Matlak, Marek"]
[Black "Pedzich, Dominik"]
[Result "1/2-1/2"]
[WhiteElo "2485"]
[BlackElo "2400"]
[EventDate "1994.03.13"]
[PlyCount "51"]

1.Nf3 Nf6 2.c4 g6 3.Nc3 Bg7 4.e4 d6 5.d4 O-O 6.Be2 e5 7.dxe5 dxe5 8.Qxd8 
Rxd8 9.Nd5 Nxd5 10.cxd5 c6 11.Bc4 cxd5 12.Bxd5 Na6 13.Bg5 Re8 14.O-O-O Nc7
15.Bb3 Be6 16.Bxe6 Nxe6 17.Be3 Re7 18.Kb1 a6 19.Rd6 Rc8 20.Rc1 Rxc1+ 21.
Kxc1 Rc7+ 22.Kd1 Bf8 23.Rd2 Bc5 24.Bxc5 Nxc5 25.Nxe5 Nxe4 26.Re2 1/2-1/2

[Event "51st POL-ch"]
[Site "Gdansk POL"]
[Date "1994.03.??"]
[Round "5"]
[White "Schmidt, Wlodzimierz"]
[Black "Gdanski, Jacek"]
[Result "1-0"]
[WhiteElo "2435"]
[BlackElo "2505"]
[EventDate "1994.03.13"]
[PlyCount "75"]

1.c4 e6 2.Nf3 d5 3.g3 dxc4 4.Qa4+ Bd7 5.Qxc4 Bc6 6.Bg2 Nd7 7.O-O Ngf6 8.
Nc3 Be7 9.e4 O-O 10.Rd1 Rb8 11.Qe2 b5 12.e5 Nd5 13.Nd4 Ba8 14.Ndxb5 a6 15.
Nxd5 Rxb5 16.Nxe7+ Qxe7 17.Bxa8 Rxa8 18.d4 Nb6 19.b3 Nd5 20.Bd2 Qa3 21.Be1
c5 22.Rac1 h6 23.Rc4 Nb6 24.Rc2 cxd4 25.Rxd4 Nd5 26.Ra4 Qe7 27.Rxa6 Rxa6 
28.Rc8+ Kh7 29.Qd3+ g6 30.Qxb5 Rb6 31.Qa4 g5 32.Qa8 g4 33.Bd2 Kg6 34.Qa4 
Nb4 35.a3 Qb7 36.Rg8+ Kh7 37.Qe8 Nd5 38.Qf8 1-0

[Event "51st POL-ch"]
[Site "Gdansk POL"]
[Date "1994.03.??"]
[Round "5"]
[White "Skalik, Przemyslaw"]
[Black "Markowski, Tomasz"]
[Result "1/2-1/2"]
[WhiteElo "2365"]
[BlackElo "2495"]
[EventDate "1994.03.13"]
[PlyCount "62"]

1.e4 c5 2.Nf3 e6 3.d4 cxd4 4.Nxd4 Nf6 5.Nc3 d6 6.g4 Be7 7.g5 Nfd7 8.Be3 
Nc6 9.h4 O-O 10.Qd2 Nde5 11.Be2 Na5 12.b3 Nac6 13.O-O-O Nxd4 14.Bxd4 Qa5 
15.Kb2 Nc6 16.Be3 d5 17.exd5 Rd8 18.Nb5 Bb4 19.c3 Rxd5 20.Qe1 Bf8 21.Rxd5 
exd5 22.Qd2 a6 23.Nd4 Nxd4 24.Bxd4 Bf5 25.Bd3 Bxd3 26.Qxd3 Re8 27.h5 Re6 
28.h6 g6 29.Rd1 b5 30.Be3 Qd8 31.b4 Re5 1/2-1/2

[Event "51st POL-ch"]
[Site "Gdansk POL"]
[Date "1994.03.??"]
[Round "6"]
[White "Gdanski, Jacek"]
[Black "Jaracz, Pawel"]
[Result "1/2-1/2"]
[WhiteElo "2505"]
[BlackElo "2370"]
[EventDate "1994.03.13"]
[PlyCount "82"]

1.e4 c5 2.Nc3 e6 3.Nge2 a6 4.g3 b5 5.Bg2 Bb7 6.O-O Nf6 7.d4 b4 8.Na4 Bxe4 
9.dxc5 Bxg2 10.Kxg2 Qc7 11.Kg1 Bxc5 12.Bf4 e5 13.Bg5 Be7 14.c3 a5 15.Bxf6 
Bxf6 16.Qd5 Qc6 17.Rfd1 Ra7 18.b3 O-O 19.cxb4 axb4 20.Rac1 Qe6 21.Qc5 Rb7 
22.Rd6 Qg4 23.Qd5 Ra7 24.Qd3 Be7 25.Rc4 Qh3 26.Rd5 Nc6 27.Nb6 Rxa2 28.Nxd7
Ra1+ 29.Nc1 Rc8 30.Nb6 Rc7 31.Rd7 Rxd7 32.Nxd7 Qe6 33.Kg2 g6 34.Nc5 Bxc5 
35.Rxc5 Nd4 36.Ne2 Qd6 37.Rc8+ Kg7 38.Nxd4 exd4 39.Rc4 Qd5+ 40.Kh3 Qh5+ 
41.Kg2 Qd5+ 1/2-1/2

[Event "51st POL-ch"]
[Site "Gdansk POL"]
[Date "1994.03.??"]
[Round "6"]
[White "Grabarczyk, Miroslaw"]
[Black "Skalik, Przemyslaw"]
[Result "1-0"]
[WhiteElo "2435"]
[BlackElo "2365"]
[EventDate "1994.03.13"]
[PlyCount "73"]

1.d4 Nf6 2.c4 g6 3.Nf3 Bg7 4.g3 O-O 5.Bg2 d6 6.Nc3 Nc6 7.O-O a6 8.a3 Bf5 
9.b4 Ne4 10.Bb2 Nxc3 11.Bxc3 Be4 12.a4 a5 13.b5 Nb4 14.Qb3 Qc8 15.Nd2 Bxg2
16.Kxg2 c5 17.d5 Bxc3 18.Qxc3 Qf5 19.e4 Qf6 20.Qb3 Qd4 21.Rad1 f5 22.exf5 
Rxf5 23.f4 Nd3 24.Qc2 Raf8 25.Nf3 Nxf4+ 26.gxf4 Qxf4 27.h3 Qh6 28.Qe2 Qh5 
29.Ng1 Qg5+ 30.Kh1 Rf4 31.Rxf4 Qxf4 32.Qe6+ Kg7 33.Qxe7+ Rf7 34.Qe2 Rf5 
35.Re1 Qd4 36.Qe7+ Rf7 37.Qxd6 1-0

[Event "51st POL-ch"]
[Site "Gdansk POL"]
[Date "1994.03.??"]
[Round "6"]
[White "Kaminski, Marcin"]
[Black "Murdzia, Piotr"]
[Result "1/2-1/2"]
[WhiteElo "2445"]
[BlackElo "2435"]
[EventDate "1994.03.13"]
[PlyCount "70"]

1.e4 e5 2.Nf3 Nc6 3.Bb5 a6 4.Ba4 Nf6 5.O-O Be7 6.Qe2 b5 7.Bb3 d6 8.c3 O-O 
9.d4 Bg4 10.Rd1 exd4 11.cxd4 d5 12.e5 Ne4 13.Nc3 Nxc3 14.bxc3 Qd7 15.h3 
Bh5 16.g4 Bg6 17.Bg5 Bxg5 18.Nxg5 Nd8 19.f4 Ne6 20.Nxe6 fxe6 21.Rf1 c5 22.
a4 Rac8 23.axb5 cxd4 24.cxd4 Be4 25.f5 exf5 26.gxf5 Kh8 27.e6 Qd6 28.Qe3 
axb5 29.Ra7 Rc7 30.Rxc7 Qxc7 31.Bd1 Qd6 32.Bg4 b4 33.Rc1 h6 34.Rf1 Kg8 35.
Bh5 Rc8 1/2-1/2

[Event "51st POL-ch"]
[Site "Gdansk POL"]
[Date "1994.03.??"]
[Round "6"]
[White "Markowski, Tomasz"]
[Black "Kempinski, Robert"]
[Result "1-0"]
[WhiteElo "2495"]
[BlackElo "2385"]
[EventDate "1994.03.13"]
[PlyCount "81"]

1.g3 g6 2.Bg2 Bg7 3.d4 Nf6 4.e4 d6 5.Ne2 O-O 6.Nbc3 e5 7.h3 c6 8.a4 Na6 9.
O-O Re8 10.Re1 Bd7 11.Be3 Qa5 12.Nc1 Rad8 13.Nb3 Qc7 14.dxe5 dxe5 15.Qe2 
Nb4 16.a5 b6 17.Na2 Nxa2 18.Rxa2 c5 19.Rea1 c4 20.axb6 axb6 21.Ra7 Qc6 22.
Nd2 Be6 23.Nb1 Ra8 24.Nc3 Rxa7 25.Rxa7 b5 26.Qd2 Kh8 27.Kh2 h5 28.Nd5 Rd8 
29.Qa5 Rb8 30.Rc7 Qe8 31.Re7 Qf8 32.Ra7 Nxd5 33.exd5 Bf5 34.c3 e4 35.Bf4 
Rc8 36.Qxb5 Qc5 37.Qxc5 Rxc5 38.d6 Kh7 39.Rxf7 Rb5 40.Rc7 Rxb2 41.d7 1-0

[Event "51st POL-ch"]
[Site "Gdansk POL"]
[Date "1994.03.??"]
[Round "6"]
[White "Pedzich, Dominik"]
[Black "Schmidt, Wlodzimierz"]
[Result "1/2-1/2"]
[WhiteElo "2400"]
[BlackElo "2435"]
[EventDate "1994.03.13"]
[PlyCount "27"]

1.e4 e6 2.d4 d5 3.Nc3 Nf6 4.Bg5 dxe4 5.Nxe4 Nbd7 6.Nxf6+ Nxf6 7.Nf3 h6 8.
Bh4 c5 9.Bxf6 gxf6 10.Bc4 cxd4 11.O-O Bg7 12.Nxd4 O-O 13.c3 f5 14.Qe2 
1/2-1/2

[Event "51st POL-ch"]
[Site "Gdansk POL"]
[Date "1994.03.??"]
[Round "6"]
[White "Weglarz, Leszek"]
[Black "Matlak, Marek"]
[Result "0-1"]
[WhiteElo "2375"]
[BlackElo "2485"]
[EventDate "1994.03.13"]
[PlyCount "106"]

1.d4 d5 2.c4 e6 3.Nf3 c6 4.e3 Nf6 5.Nbd2 Ne4 6.Be2 Nd7 7.cxd5 exd5 8.Nxe4 
dxe4 9.Nd2 Nf6 10.Qc2 Bf5 11.h3 h6 12.Nc4 Be7 13.Bd2 O-O 14.Rc1 Nd5 15.a3 
Qd7 16.Ne5 Qe6 17.Qb3 Rab8 18.Bc4 Bf6 19.Bxd5 Qxd5 20.Qxd5 cxd5 21.Bb4 
Rfc8 22.Kd2 Rxc1 23.Rxc1 Rc8 24.Bc5 a6 25.Ng4 Bh4 26.Nh2 b6 27.g3 Bd8 28.
g4 Bd7 29.Bd6 Rxc1 30.Kxc1 h5 31.Kd2 Kh7 32.Ke1 Kh6 33.Kf1 f6 34.Kg2 g5 
35.gxh5 Kxh5 36.Kg3 Bb5 37.f4 exf3 38.Nxf3 Bd3 39.Nh2 a5 40.Ng4 Bf5 41.Nf2
Bc2 42.Ng4 a4 43.Nf2 f5 44.Kf3 b5 45.Ke2 Kh4 46.Kf3 Ba5 47.Bg3+ Kh5 48.Ke2
Bb3 49.Bd6 Kh4 50.Be7 Bc4+ 51.Nd3 Kh5 52.Bd6 g4 53.hxg4+ fxg4 0-1

[Event "51st POL-ch"]
[Site "Gdansk POL"]
[Date "1994.03.??"]
[Round "7"]
[White "Jaracz, Pawel"]
[Black "Pedzich, Dominik"]
[Result "1-0"]
[WhiteElo "2370"]
[BlackElo "2400"]
[EventDate "1994.03.13"]
[PlyCount "81"]

1.e4 c5 2.Nf3 e6 3.d4 cxd4 4.Nxd4 Nf6 5.Nc3 d6 6.g4 e5 7.Bb5+ Bd7 8.Bxd7+ 
Qxd7 9.Nf5 h5 10.f3 hxg4 11.fxg4 Rh3 12.Qe2 Qc6 13.Ng3 Qc8 14.g5 Nh5 15.
Rf1 Nxg3 16.hxg3 Nc6 17.Qf2 Nd8 18.Nd5 Qc4 19.Qg2 Rh8 20.b3 Qd4 21.c3 Qd3 
22.Be3 Rc8 23.c4 b5 24.Rd1 Qxf1+ 25.Qxf1 bxc4 26.bxc4 Rb8 27.Nc7+ Kd7 28.
Nb5 a6 29.Nxd6 Bxd6 30.c5 Rb2 31.Rxd6+ Ke7 32.Rd2 Rb1+ 33.Rd1 Rb2 34.Bc1 
Rc2 35.c6 Nxc6 36.Ba3+ Ke8 37.Rc1 Nd4 38.Kd1 Rhh2 39.Rxc2 Nxc2 40.Qxa6 
Ne3+ 41.Kc1 1-0

[Event "51st POL-ch"]
[Site "Gdansk POL"]
[Date "1994.03.??"]
[Round "7"]
[White "Kempinski, Robert"]
[Black "Grabarczyk, Miroslaw"]
[Result "1-0"]
[WhiteElo "2385"]
[BlackElo "2435"]
[EventDate "1994.03.13"]
[PlyCount "90"]

1.Nf3 Nf6 2.c4 e6 3.d4 b6 4.g3 Bb7 5.Bg2 Be7 6.Nc3 Ne4 7.Bd2 O-O 8.O-O d6 
9.Rc1 Nd7 10.d5 Nxd2 11.Nxd2 Kh8 12.b4 a5 13.a3 axb4 14.axb4 Bf6 15.Nde4 
Bxc3 16.Nxc3 Nf6 17.Qb3 Qe7 18.Rfd1 h6 19.e4 Rfb8 20.Nb5 e5 21.h3 Ne8 22.
Ra1 c6 23.dxc6 Bxc6 24.Nc3 Nc7 25.b5 Rxa1 26.Rxa1 Be8 27.Ra7 Qd8 28.Qa3 
Ne6 29.Nd5 Nc5 30.f4 exf4 31.gxf4 Bd7 32.Qg3 Be6 33.Ne3 Rb7 34.Ra3 Re7 35.
f5 Bc8 36.f6 gxf6 37.Qf4 Kg7 38.Nd5 Re5 39.h4 h5 40.Ra8 Re8 41.Bh3 Ne6 42.
Qg3+ Kh8 43.Qe3 Kg7 44.Kh2 Rh8 45.Qg3+ Kf8 1-0

[Event "51st POL-ch"]
[Site "Gdansk POL"]
[Date "1994.03.??"]
[Round "7"]
[White "Matlak, Marek"]
[Black "Czerwonski, Aleksander"]
[Result "1-0"]
[WhiteElo "2485"]
[BlackElo "2395"]
[EventDate "1994.03.13"]
[PlyCount "107"]

1.d4 d6 2.Nf3 Bg4 3.e3 Nd7 4.h3 Bh5 5.c4 e5 6.Nc3 c6 7.Be2 Be7 8.O-O Ngf6 
9.b4 O-O 10.a4 Re8 11.Ba3 e4 12.Nd2 Bxe2 13.Nxe2 d5 14.Qb3 Nf8 15.b5 Ng6 
16.Rfc1 Bxa3 17.Qxa3 Nh5 18.Nf1 Nh4 19.Rab1 Qg5 20.Nfg3 Nxg3 21.Nxg3 h5 
22.bxc6 bxc6 23.Qd6 Nxg2 24.Kxg2 h4 25.Kh2 Rad8 26.Qc7 hxg3+ 27.Qxg3 Qxg3+
28.Kxg3 Re6 29.c5 Rg6+ 30.Kh2 Rf6 31.Kg2 Rg6+ 32.Kh2 Rf6 33.Rc2 g5 34.a5 
Kg7 35.Kg2 Rh8 36.Rcb2 Rfh6 37.Rh1 Rh4 38.a6 g4 39.Rb7 gxh3+ 40.Kh2 Rg4 
41.Rg1 Rxg1 42.Kxg1 Kf6 43.Kh2 Rh5 44.Rxa7 Rf5 45.Rc7 Rxf2+ 46.Kxh3 Kg5 
47.Rxc6 Rf3+ 48.Kg2 Rxe3 49.Rb6 Rc3 50.c6 Kf4 51.a7 Rc2+ 52.Kf1 e3 53.a8=Q
Kf3 54.Rb1 1-0

[Event "51st POL-ch"]
[Site "Gdansk POL"]
[Date "1994.03.??"]
[Round "7"]
[White "Murdzia, Piotr"]
[Black "Markowski, Tomasz"]
[Result "1-0"]
[WhiteElo "2435"]
[BlackElo "2495"]
[EventDate "1994.03.13"]
[PlyCount "135"]

1.d4 Nf6 2.c4 g6 3.Nc3 Bg7 4.Nf3 O-O 5.g3 d6 6.Bg2 Nc6 7.O-O a6 8.h3 Rb8 
9.Be3 b5 10.Nd2 Bd7 11.cxb5 axb5 12.Rc1 e6 13.Nde4 Nxe4 14.Nxe4 Ne7 15.Qc2
Rc8 16.Rcd1 h6 17.Bd2 Nf5 18.e3 c5 19.dxc5 d5 20.Bb4 dxe4 21.c6 Rxc6 22.
Qd2 Re8 23.Qxd7 Qxd7 24.Rxd7 Rc4 25.a3 Bxb2 26.Rb1 Be5 27.Bf1 Rc2 28.Bxb5 
Rec8 29.Rbd1 Bc3 30.Ba4 Bxb4 31.Bxc2 Bxa3 32.Bxe4 Ng7 33.Ra7 Bb2 34.Rdd7 
Rf8 35.Kf1 h5 36.Ke2 Bf6 37.Bd3 Be5 38.Bc2 Bf6 39.Bb1 Be5 40.Bd3 Bf6 41.f4
Bc3 42.g4 hxg4 43.hxg4 Ne8 44.Bc4 Ng7 45.Kd3 Bf6 46.e4 Bb2 47.Kc2 Bf6 48.
e5 Bh4 49.Kd3 Bg3 50.Ke4 Bf2 51.Rab7 Bg3 52.Rd3 Bh4 53.Rdb3 Bf2 54.Rb8 Ba7
55.Rxf8+ Kxf8 56.Rb7 Bc5 57.Rb8+ Ke7 58.g5 Ne8 59.Bb5 Nc7 60.Bc6 Bg1 61.
Rc8 Bb6 62.Kd3 Ba5 63.Kc2 Bb6 64.Kb3 Ba5 65.Ka3 Bb6 66.Ka4 f6 67.gxf6+ Kf7
68.Rb8 1-0

[Event "51st POL-ch"]
[Site "Gdansk POL"]
[Date "1994.03.??"]
[Round "7"]
[White "Schmidt, Wlodzimierz"]
[Black "Weglarz, Leszek"]
[Result "1-0"]
[WhiteElo "2435"]
[BlackElo "2375"]
[EventDate "1994.03.13"]
[PlyCount "95"]

1.Nf3 d5 2.d4 e6 3.c4 dxc4 4.e3 c5 5.Bxc4 a6 6.a3 Nf6 7.O-O b5 8.Ba2 Bb7 
9.Qe2 cxd4 10.Rd1 Be7 11.Nc3 O-O 12.Nxd4 Qc8 13.e4 Nc6 14.Nf3 Qc7 15.e5 
Nd7 16.Bf4 b4 17.Ne4 Ndxe5 18.Nxe5 Nxe5 19.Rac1 Qb8 20.axb4 Bxb4 21.Bg3 
Be7 22.Nc5 Bxc5 23.Rxc5 f6 24.Bxe6+ Kh8 25.Bxe5 fxe5 26.Rxe5 Bc6 27.h3 Qb7
28.Bd5 Bxd5 29.Rexd5 Rae8 30.Qd2 Qf7 31.Rd7 Qf6 32.Rd6 Qf7 33.Rxa6 h6 34.
Rd6 Rb8 35.b4 Qf4 36.Rd4 Qf7 37.Rd7 Qf4 38.Qxf4 Rxf4 39.Rd8+ Rxd8 40.Rxd8+
Kh7 41.Rb8 Rc4 42.g3 Rc3 43.h4 Kg6 44.Rb5 h5 45.Rg5+ Kh6 46.Rf5 g6 47.Rf4 
Rb3 48.Kf1 1-0

[Event "51st POL-ch"]
[Site "Gdansk POL"]
[Date "1994.03.??"]
[Round "7"]
[White "Skalik, Przemyslaw"]
[Black "Gdanski, Jacek"]
[Result "1/2-1/2"]
[WhiteElo "2365"]
[BlackElo "2505"]
[EventDate "1994.03.13"]
[PlyCount "144"]

1.Nf3 Nf6 2.c4 c5 3.Nc3 g6 4.d4 cxd4 5.Nxd4 Nc6 6.e4 d6 7.Be2 Nxd4 8.Qxd4 
Bg7 9.Bg5 O-O 10.Qd2 Be6 11.Rc1 Qa5 12.f3 Rfc8 13.b3 a6 14.Na4 Qxd2+ 15.
Kxd2 Nd7 16.g4 f6 17.Be3 f5 18.exf5 gxf5 19.h3 Rd8 20.Rhd1 Kf7 21.Ke1 fxg4
22.hxg4 h5 23.gxh5 Rh8 24.c5 d5 25.f4 Nf6 26.c6 bxc6 27.Rxc6 Bd7 28.Rc7 
Rac8 29.Rxc8 Bxc8 30.Nb6 Be6 31.b4 Nxh5 32.Nxd5 Ng3 33.Bf3 Nf5 34.Bc5 Rh3 
35.Bg2 Rh2 36.Rd2 Rxg2 37.Rxg2 Bxd5 38.Rc2 Be4 39.Rh2 Bh6 40.Rf2 Bc6 41.
Ke2 Ke6 42.Kd3 Kd5 43.Kc3 Bb5 44.Rd2+ Ke4 45.a4 Bxa4 46.Re2+ Kf3 47.Re6 
Bg7+ 48.Kd2 Bb5 49.Bxe7 Nxe7 50.Rxe7 Bf8 51.Re3+ Kxf4 52.Rb3 Ke4 53.Kc1 
Kd4 54.Rf3 Bd6 55.Rf6 Be7 56.Rf7 Bg5+ 57.Kb2 Kc4 58.Rf5 Bd2 59.Kc2 Be3 60.
Rf3 Ba4+ 61.Kb2 Bd2 62.Rf2 Be3 63.Rf3 Bd4+ 64.Ka3 Bc6 65.Rf4 Kc3 66.Rxd4 
Kxd4 67.Ka2 Kc3 68.Kb1 Kb3 69.Ka1 Bd5 70.Kb1 Be4+ 71.Ka1 Ka4 72.Kb2 Kxb4 
1/2-1/2

[Event "51st POL-ch"]
[Site "Gdansk POL"]
[Date "1994.03.??"]
[Round "7"]
[White "Urban, Klaudiusz"]
[Black "Kaminski, Marcin"]
[Result "0-1"]
[WhiteElo "2440"]
[BlackElo "2445"]
[EventDate "1994.03.13"]
[PlyCount "81"]

1.d4 Nf6 2.c4 g6 3.Nc3 Bg7 4.e4 d6 5.f3 O-O 6.Bg5 c5 7.d5 h6 8.Be3 e6 9.
Qd2 exd5 10.cxd5 h5 11.Bd3 Nbd7 12.Nge2 Ne5 13.O-O a6 14.a4 Rb8 15.Rab1 
Nfd7 16.b3 Nxd3 17.Qxd3 b5 18.axb5 axb5 19.b4 Ne5 20.Qd1 c4 21.Qd2 Bd7 22.
Kh1 f5 23.Bh6 Bxh6 24.Qxh6 Qf6 25.Qd2 f4 26.Ra1 g5 27.Ra6 Ra8 28.Rxa8 Rxa8
29.Nd4 Nd3 30.Nc6 Bxc6 31.dxc6 Qd4 32.h3 Qe3 33.Qd1 Qd4 34.Qd2 g4 35.fxg4 
hxg4 36.hxg4 Ra7 37.g3 Rh7+ 38.Kg2 Qh8 39.c7 Rh2+ 40.Kf3 Ne5+ 41.Kxf4 0-1

[Event "51st POL-ch"]
[Site "Gdansk POL"]
[Date "1994.03.??"]
[Round "8"]
[White "Gdanski, Jacek"]
[Black "Kempinski, Robert"]
[Result "0-1"]
[WhiteElo "2505"]
[BlackElo "2385"]
[EventDate "1994.03.13"]
[PlyCount "88"]

1.e4 c5 2.Nf3 d6 3.d4 cxd4 4.Nxd4 Nf6 5.Nc3 a6 6.Bc4 e6 7.Bb3 b5 8.O-O Be7
9.Qf3 Qc7 10.Qg3 O-O 11.Bh6 Ne8 12.Rfe1 Bf6 13.Rad1 Be5 14.Qg4 Bxd4 15.
Rxd4 e5 16.Qg5 exd4 17.Nd5 Qc5 18.e5 Kh8 19.Re4 dxe5 20.Rh4 f6 21.Bxg7+ 
Nxg7 22.Qg6 Nh5 23.Rxh5 Ra7 24.Nxf6 Bf5 25.Qxf5 Qe7 26.Rh6 Qg7 27.Qh5 Rxf6
28.Rxf6 Qxf6 29.Qe8+ Kg7 30.Qxb8 Re7 31.Bd5 e4 32.Qg3+ Qg6 33.Qf4 h5 34.h3
Qf6 35.Qb8 e3 36.fxe3 dxe3 37.Bf3 e2 38.Qg3+ Kh6 39.Qe1 Qd4+ 40.Kh2 Qd6+ 
41.Kg1 Qd1 42.Kf2 Qd4+ 43.Kg3 h4+ 44.Kh2 Qd6+ 0-1

[Event "51st POL-ch"]
[Site "Gdansk POL"]
[Date "1994.03.??"]
[Round "8"]
[White "Grabarczyk, Miroslaw"]
[Black "Murdzia, Piotr"]
[Result "1-0"]
[WhiteElo "2435"]
[BlackElo "2435"]
[EventDate "1994.03.13"]
[PlyCount "143"]

1.d4 Nf6 2.c4 g6 3.Nf3 Bg7 4.g3 O-O 5.Bg2 d6 6.Nc3 Nc6 7.O-O a6 8.a3 Na5 
9.Nd2 c5 10.d5 Bd7 11.Rb1 Qc7 12.Qc2 b5 13.b3 Rab8 14.Bb2 Rb7 15.Rfc1 bxc4
16.bxc4 Rfb8 17.Ba1 Bf5 18.e4 Bc8 19.Nd1 e5 20.Rxb7 Rxb7 21.Bc3 Bd7 22.Ne3
Bh6 23.Nef1 Nb3 24.Nxb3 Rxb3 25.Qxb3 Bxc1 26.f4 Ne8 27.Nd2 f6 28.Bf3 a5 
29.a4 Qa7 30.Qa2 Bxd2 31.Bxd2 Qb6 32.Bd1 Nc7 33.fxe5 dxe5 34.Qb3 Qa7 35.
Qc3 Qb6 36.Bc2 Qb4 37.Qd3 Qb6 38.Qb3 Na8 39.Kf2 Kf7 40.Ke2 Ke7 41.Qc3 Qa6 
42.Be3 Qb6 43.Kf2 Nc7 44.Qb3 Qa7 45.Bd2 Ne8 46.Qc3 Nd6 47.Qxa5 Qxa5 48.
Bxa5 Nxc4 49.Bc7 Nb2 50.a5 Bb5 51.g4 Kd7 52.Bb6 c4 53.Be3 Nd3+ 54.Bxd3 
cxd3 55.h4 h5 56.g5 fxg5 57.Bxg5 Kd6 58.Ke3 Ba6 59.Kd2 Bb5 60.Bh6 Ba6 61.
Kc3 Bb5 62.Bf8+ Kd7 63.Bb4 Ba6 64.Kb3 Kc7 65.Bd2 Kd7 66.Be3 Kc7 67.Kb4 Kd6
68.Bd2 g5 69.hxg5 h4 70.g6 Ke7 71.d6+ Kd7 72.g7 1-0

[Event "51st POL-ch"]
[Site "Gdansk POL"]
[Date "1994.03.??"]
[Round "8"]
[White "Kaminski, Marcin"]
[Black "Markowski, Tomasz"]
[Result "1-0"]
[WhiteElo "2445"]
[BlackElo "2495"]
[EventDate "1994.03.13"]
[PlyCount "75"]

1.e4 c5 2.Nf3 d6 3.d4 cxd4 4.Nxd4 Nf6 5.Nc3 e6 6.f4 Nc6 7.Be3 Be7 8.Qf3 
Qc7 9.O-O-O O-O 10.Rg1 Nxd4 11.Bxd4 e5 12.fxe5 dxe5 13.Qg3 Bd6 14.Nb5 Qa5 
15.Nxd6 exd4 16.e5 Nd5 17.Bc4 Ne3 18.Bxf7+ Rxf7 19.Nxf7 Kxf7 20.Rxd4 Nf5 
21.Qb3+ Ke7 22.Rd3 b6 23.Rc3 Qxe5 24.g4 Be6 25.Qa3+ Nd6 26.Re3 Qf4 27.Kb1 
Kd7 28.Rge1 Bxg4 29.Re7+ Kc6 30.Qc3+ Qc4 31.Qxg7 Rc8 32.b3 Qf4 33.Qc3+ Kb5
34.Qd3+ Kc6 35.a4 Qf3 36.R1e3 Qd5 37.Qc3+ Qc5 38.Qd2 1-0

[Event "51st POL-ch"]
[Site "Gdansk POL"]
[Date "1994.03.??"]
[Round "8"]
[White "Pedzich, Dominik"]
[Black "Skalik, Przemyslaw"]
[Result "1-0"]
[WhiteElo "2400"]
[BlackElo "2365"]
[EventDate "1994.03.13"]
[PlyCount "71"]

1.e4 c6 2.d4 d5 3.Nd2 dxe4 4.Nxe4 Nd7 5.Nf3 Ngf6 6.Nxf6+ Nxf6 7.Ne5 Nd7 8.
Nf3 Nf6 9.Bc4 Bf5 10.O-O e6 11.Qe2 Be7 12.Rd1 O-O 13.Bf4 Nd5 14.Bg3 Bg4 
15.c3 Bd6 16.Re1 Qc7 17.Qd3 Bf5 18.Qf1 Bxg3 19.hxg3 Nb6 20.Bb3 Rfd8 21.Nh4
Bg6 22.Qe2 c5 23.dxc5 Qxc5 24.Rad1 Qc6 25.Qg4 Nd5 26.Rd4 Rd7 27.Qe2 b5 28.
Nf3 Qb7 29.Ne5 Rd6 30.Qf3 Rad8 31.Red1 Kf8 32.a4 a6 33.a5 f6 34.c4 Ke8 35.
Nxg6 bxc4 36.Ba4+ 1-0

[Event "51st POL-ch"]
[Site "Gdansk POL"]
[Date "1994.03.??"]
[Round "8"]
[White "Urban, Klaudiusz"]
[Black "Matlak, Marek"]
[Result "1/2-1/2"]
[WhiteElo "2440"]
[BlackElo "2485"]
[EventDate "1994.03.13"]
[PlyCount "50"]

1.c4 e6 2.Nf3 d5 3.b3 Nf6 4.g3 Be7 5.Bg2 O-O 6.O-O b6 7.d4 Bb7 8.cxd5 Nxd5
9.Bb2 Nd7 10.Re1 c5 11.e4 N5f6 12.Nc3 cxd4 13.Nxd4 Ne5 14.a3 Rc8 15.Re2 
Qc7 16.Rd2 Rfd8 17.Rc1 Qb8 18.Qe2 a6 19.Rcd1 b5 20.Nc2 Rxd2 21.Rxd2 Rd8 
22.h3 Rxd2 23.Qxd2 Ned7 24.b4 Qa8 25.f3 h6 1/2-1/2

[Event "51st POL-ch"]
[Site "Gdansk POL"]
[Date "1994.03.??"]
[Round "9"]
[White "Jaracz, Pawel"]
[Black "Czerwonski, Aleksander"]
[Result "1-0"]
[WhiteElo "2370"]
[BlackElo "2395"]
[EventDate "1994.03.13"]
[PlyCount "61"]

1.d4 d6 2.e4 Nf6 3.Nc3 g6 4.f4 Bg7 5.Nf3 O-O 6.Be2 c5 7.dxc5 Qa5 8.O-O 
Qxc5+ 9.Kh1 Nc6 10.Bd3 Bg4 11.Qe1 Bxf3 12.Rxf3 Nd4 13.Rf1 b5 14.Be3 b4 15.
Na4 Qc6 16.Bxd4 Qxa4 17.b3 Qa5 18.a3 Rab8 19.axb4 Qxb4 20.Bxa7 Rb7 21.Bg1 
Qxe1 22.Raxe1 Nd7 23.Bc4 Rc7 24.Re2 Ra8 25.g3 Nc5 26.Kg2 Na4 27.e5 dxe5 
28.fxe5 e6 29.Rfe1 Rcc8 30.Bd4 Rd8 31.c3 1-0

[Event "51st POL-ch"]
[Site "Gdansk POL"]
[Date "1994.03.??"]
[Round "9"]
[White "Kempinski, Robert"]
[Black "Pedzich, Dominik"]
[Result "0-1"]
[WhiteElo "2385"]
[BlackElo "2400"]
[EventDate "1994.03.13"]
[PlyCount "74"]

1.Nf3 g6 2.c4 Bg7 3.d4 Nf6 4.b4 a5 5.b5 c5 6.e3 d5 7.Na3 O-O 8.Be2 Nbd7 9.
Bb2 cxd4 10.Bxd4 e5 11.Bb2 Qe7 12.O-O e4 13.Nd4 Ne5 14.cxd5 Bg4 15.f3 exf3
16.Nxf3 Bxf3 17.gxf3 Rfd8 18.Qe1 Nxd5 19.Nc2 Rac8 20.Rc1 Rxc2 21.Rxc2 Nxe3
22.Qc1 Nxc2 23.Qxc2 h5 24.Kh1 Qh4 25.Qc3 Qf4 26.Qxa5 Rc8 27.Qe1 Rc2 28.Bc1
Qd4 29.a4 Nd3 30.Bxd3 Qxd3 31.Qd1 Qc4 32.a5 Be5 33.Re1 Rxh2+ 34.Kg1 Qh4 
35.Qd8+ Qxd8 36.Rxe5 Qd4+ 37.Re3 Re2 0-1

[Event "51st POL-ch"]
[Site "Gdansk POL"]
[Date "1994.03.??"]
[Round "9"]
[White "Markowski, Tomasz"]
[Black "Grabarczyk, Miroslaw"]
[Result "1/2-1/2"]
[WhiteElo "2495"]
[BlackElo "2435"]
[EventDate "1994.03.13"]
[PlyCount "81"]

1.g3 Nf6 2.Bg2 d5 3.Nf3 c6 4.O-O Bg4 5.b3 Nbd7 6.Bb2 e6 7.d3 Bd6 8.Nbd2 
O-O 9.c4 Qe7 10.a3 a5 11.h3 Bh5 12.Nd4 Bg6 13.cxd5 cxd5 14.N2f3 Ne8 15.Nb5
Bc5 16.Qd2 Nd6 17.Qc3 f6 18.Nxd6 Qxd6 19.d4 Bb6 20.Rfc1 Qb8 21.Nh4 Rc8 22.
Qe3 Bf7 23.Nf3 Qd6 24.Qd2 Qf8 25.Ne1 Rxc1 26.Rxc1 Rc8 27.Nd3 f5 28.g4 fxg4
29.hxg4 Rxc1+ 30.Qxc1 Qd8 31.Nc5 Qc7 32.Qc3 Qc6 33.e4 Bc7 34.e5 Nxc5 35.
dxc5 b6 36.cxb6 Qxc3 37.Bxc3 Bxb6 38.b4 axb4 39.Bxb4 Be8 40.Bf1 Ba4 41.Bd3
1/2-1/2

[Event "51st POL-ch"]
[Site "Gdansk POL"]
[Date "1994.03.??"]
[Round "9"]
[White "Matlak, Marek"]
[Black "Kaminski, Marcin"]
[Result "1/2-1/2"]
[WhiteElo "2485"]
[BlackElo "2445"]
[EventDate "1994.03.13"]
[PlyCount "37"]

1.d4 Nf6 2.Nf3 g6 3.c3 Bg7 4.Bg5 O-O 5.Nbd2 d5 6.e3 Nbd7 7.Be2 Re8 8.h3 e5
9.O-O c6 10.b4 h6 11.Bh4 Qe7 12.Qb3 a5 13.bxa5 Rxa5 14.a4 e4 15.Ne1 c5 16.
Nc2 c4 17.Qb2 b6 18.Ra2 Bb7 19.Rfa1 1/2-1/2

[Event "51st POL-ch"]
[Site "Gdansk POL"]
[Date "1994.03.??"]
[Round "9"]
[White "Murdzia, Piotr"]
[Black "Gdanski, Jacek"]
[Result "0-1"]
[WhiteElo "2435"]
[BlackElo "2505"]
[EventDate "1994.03.13"]
[PlyCount "70"]

1.d4 d5 2.c4 c6 3.Nc3 e6 4.Nf3 dxc4 5.a4 b5 6.e4 Bb4 7.Bd2 Nf6 8.axb5 Bxc3
9.bxc3 cxb5 10.Ne5 Nbd7 11.Qb1 a6 12.Nxd7 Qxd7 13.f3 Bb7 14.g4 Qc7 15.Be3 
O-O 16.g5 Nh5 17.Qc1 f5 18.gxf6 Rxf6 19.Bh3 Rxf3 20.Bxe6+ Kh8 21.Bg4 Nf4 
22.Bxf3 Nd3+ 23.Kd2 Nxc1 24.Raxc1 Rf8 25.Bg2 Qd6 26.Rcf1 Rxf1 27.Rxf1 Kg8 
28.d5 Bxd5 29.exd5 Qg6 30.Rf2 Qd3+ 31.Ke1 Qxe3+ 32.Re2 Qxc3+ 33.Kf2 Qd4+ 
34.Ke1 c3 35.Bh3 Qh4+ 0-1

[Event "51st POL-ch"]
[Site "Gdansk POL"]
[Date "1994.03.??"]
[Round "9"]
[White "Schmidt, Wlodzimierz"]
[Black "Urban, Klaudiusz"]
[Result "1/2-1/2"]
[WhiteElo "2435"]
[BlackElo "2440"]
[EventDate "1994.03.13"]
[PlyCount "148"]

1.Nf3 d5 2.d4 Nf6 3.c4 e6 4.Nc3 c6 5.Bg5 dxc4 6.e4 b5 7.e5 h6 8.Bh4 g5 9.
Nxg5 hxg5 10.Bxg5 Nbd7 11.g3 Rg8 12.h4 Rxg5 13.hxg5 Nd5 14.g6 fxg6 15.Qg4 
Qe7 16.Qxg6+ Qf7 17.Qxf7+ Kxf7 18.Bg2 Bb4 19.Kd2 Nf8 20.Raf1 Bb7 21.Bxd5 
exd5 22.Kc1 Bc8 23.f4 Bf5 24.g4 Bd3 25.Rf2 Be7 26.Rh5 Ne6 27.f5 Nxd4 28.
Rh7+ Ke8 29.Rh8+ Bf8 30.Rfh2 Rd8 31.R2h7 b4 32.Na4 Nxf5 33.Nc5 Ne7 34.Ne6 
Bxh7 35.Rxf8+ Kd7 36.Nxd8 Bg6 37.e6+ Kd6 38.Rf6 d4 39.Nf7+ Kd5 40.Nh8 Be4 
41.Rf8 Kxe6 42.Nf7 Bg6 43.Ng5+ Ke5 44.Nf3+ Ke4 45.Rf6 Kd5 46.Nxd4 Be4 47.
Rf7 Ng6 48.Rd7+ Ke5 49.Nc2 b3 50.Ne3 bxa2 51.Nxc4+ Kf4 52.Rxa7 Kxg4 53.
Rxa2 Kf4 54.Ra4 Bd5 55.Kd2 Kf5 56.Ne3+ Ke6 57.Nxd5 Kxd5 58.Kc3 Ne5 59.Rd4+
Kc5 60.Rh4 Nd7 61.Rh5+ Kb6 62.Rf5 Nc5 63.Kc4 Ne4 64.Rf8 Nd6+ 65.Kb4 Nb7 
66.Rh8 Nd6 67.Rh6 Nb5 68.Kc4 Nc7 69.Rh8 Na6 70.Rh3 Nc5 71.Re3 Nb7 72.Re7 
Nc5 73.Re3 Nb7 74.Kb4 Nc5 1/2-1/2

[Event "51st POL-ch"]
[Site "Gdansk POL"]
[Date "1994.03.??"]
[Round "9"]
[White "Skalik, Przemyslaw"]
[Black "Weglarz, Leszek"]
[Result "1-0"]
[WhiteElo "2365"]
[BlackElo "2375"]
[EventDate "1994.03.13"]
[PlyCount "73"]

1.e4 c5 2.Nf3 Nc6 3.d4 cxd4 4.Nxd4 Nf6 5.Nc3 d6 6.Bg5 e6 7.Qd2 Be7 8.O-O-O
O-O 9.Nb3 h6 10.Bxf6 Bxf6 11.Qxd6 Bxc3 12.bxc3 Qf6 13.Qg3 e5 14.Bc4 Be6 
15.Bxe6 Qxe6 16.Rd5 Qe7 17.Kb2 Rfc8 18.Rhd1 Rc7 19.Qg4 Rac8 20.Rd7 Qe8 21.
R1d6 a5 22.Rxc7 Rxc7 23.Rxh6 a4 24.Rh3 axb3 25.Qh5 Kf8 26.Qh8+ Ke7 27.Qxg7
Rc8 28.Rh6 Kd7 29.Rf6 bxa2 30.Rxf7+ Kd6 31.Rf6+ Kc5 32.Qxb7 a1=Q+ 33.Kxa1 
Ra8+ 34.Kb2 Ra4 35.f3 Nb4 36.Kb3 Qg8+ 37.Rf7 1-0